Elementary treatise on land and engineering surveying (Record no. 113933)

MARC details
000 -LEADER
fixed length control field 00731cam a22001935a 4500
001 - CONTROL NUMBER
control field L155945
008 - FIXED-LENGTH DATA ELEMENTS--GENERAL INFORMATION
fixed length control field 120423s1859 xxk f 000 0 eng d
035 ## - SYSTEM CONTROL NUMBER
System control number (Sirsi) u155945
041 0# - LANGUAGE CODE
Language code of text/sound track or separate title eng
100 1# - MAIN ENTRY--PERSONAL NAME
Personal name Baker, Thomas
Dates associated with a name d. 1871
245 00 - TITLE STATEMENT
Title Elementary treatise on land and engineering surveying
Remainder of title with all the modern improvements
Statement of responsibility, etc. arranged for the use of schools and private students, also for practical land surveyors and engineers ... by T. Baker
260 ## - PUBLICATION, DISTRIBUTION, ETC.
Place of publication, distribution, etc. London
Name of publisher, distributor, etc. J. Weale
Date of publication, distribution, etc. 1859
300 ## - PHYSICAL DESCRIPTION
Extent viii, 224p.
Other physical details ill
Dimensions 18cm.
490 #0 - SERIES STATEMENT
Series statement Weale's rudimentary series
583 ## - ACTION NOTE
Action Condition reviewed
Time/date of action 20120620
Status condition level 4
651 #4 - SUBJECT ADDED ENTRY--GEOGRAPHIC NAME
Geographic name Great Britain
Chronological subdivision 1707-
690 ## - LOCAL SUBJECT ADDED ENTRY--TOPICAL TERM (OCLC, RLIN)
Topical term or geographic name as entry element Construction management
9 (RLIN) 6230
942 ## - ADDED ENTRY ELEMENTS (KOHA)
Suppress in OPAC 0
Holdings
Withdrawn status Lost status Damaged status Not for loan Home library Current library Shelving location Date acquired Total Checkouts Full call number Barcode Date last seen Copy number Price effective from Koha item type
        Historic collection Historic collection Historic collection 23/04/2012   INFRASTRUCTURE OCTAVO 1859 BAKER 30077244 22/08/2025 1 06/08/2019 Book